Регионална библиотека "Любен Каравелов" - Русе

Зайчето Тина пътува с приятели (Запис номер 201687)

MARC детайли
000 -Лидер
Контролно поле с фиксирана дължина 01644nam a2200337 c 4500
003 - Код на организацията, давaща контролен номер
Контролно поле BLK
005 - Дата и час на последна редакция
Контролно поле 20180422120506.0
008 - Елементи от данни с фиксирана дължина
fixed length control field 180411b bul|||||r ||||||| ||bul||
010 ## - Наследен системен номер
LC control number KNG00211133000
020 ## - Международен стандартен номер на книга ISBN
Международен стандартен номер на книга ISBN 978-619-191-360-2
-- издат.: Арт Етърнал Дистрибушън
040 ## - Източник на каталожния запис
Идентификатор на билиотеката - собственик на записа BLK
041 ## - Код за език
Код за езика на текст/звукозапис или на отделно заглавие Български
Код за езика КДБФ Български
072 #7 - Код за тематичната категория
Код организация bullib
Код за тематична категория Н85
Текст Детска художествена литература Н
080 ## - УДК
Текстов определител УДК Сръбска литература
УДК код - определител по УДК 821.163.41
УДК определител -93-34
УДК - код + определител 821.163.41-93-34
100 1# - Редна дума - Автор
Автор Новак, Николета
Авторска отговорност първи автор
R(LIN) 344802
139 ## - Редно поле
Редна дума Новак, Николета
Авторски знак Но - Н 85
245 10 - Сведения за заглавието
Заглавие Зайчето Тина пътува с приятели
Редно поле (дума) Николета Новак; прев. Невена Димитрова Ангелова; ил. Алекса Йованович.
257 ## - Страна на издаване
Страна на създаване/издаване Сърбия
260 ## - Област на издателските данни
-- София
Име на издателя, разпространителя и проч. Арт Етърнал Дистрибушън
Година на издаване 2016
Печатница София : Скала принт
300 ## - Физическа характеристика
Страници 20 с.
Илюстрации и др. с цв. ил.
Размери/Мащаб 22Х22 см
380 ## - Жанр
Жанр Детска худож. лит.
500 ## - Общи забележки
Забележка Ориг. загл.: Зечица Тина путује на зимовање / Николета Новак. - Името на прев. отбелязано в изд. каре. - Кн. от поредицата Горски истории.
659 ## - Тематичен бюлетин
Тематичен бюлетин Н
700 1# - Други автори (авторска отговорност)
Лично име Ангелова, Невена Димитрова
Автороска отговорност (Описва отношението между автора и произведението) прев.
9 (RLIN) 386242
700 1# - Други автори (авторска отговорност)
Лично име Йованович, Алекса
Автороска отговорност (Описва отношението между автора и произведението) ил.
9 (RLIN) 344803
852 ## - Местоположение
Форматна сигнатура Цб 286861
856 4# - Електронен адрес и достъп
Електронен формат pdf - файл
Път до файла /url/
856 4# - Електронен адрес и достъп
Електронен формат pdf - файл
Път до файла /url/
942 ## - АРТИКУЛИ
Вид на библиотечния материал Книги
Скрит в OPAC Не
944 ## - СЪЗДАВАНЕ И РЕДАКЦИЯ на ЗАПИСА
Създаване/Редакция Създаване
Дата на регистрацията/редакция 10.08.2017
Служител, извършил регистрацията/редакцията Виолета_Тройчева
944 ## - СЪЗДАВАНЕ И РЕДАКЦИЯ на ЗАПИСА
Създаване/Редакция Редакция
Дата на регистрацията/редакция 14.09.2017
Служител, извършил регистрацията/редакцията Виолета_Тройчева
999 ## - СИСТЕМНИ КОНТРОЛНИ НОМЕРА
Koha biblionumber 201687
Koha biblioitemnumber 201687
Наличности
Код за отписване Код за изгубен артикул Код за повреда Коз за рестрикции Код за отдаване Артикулен № Име на библиотеката - собственик Име на библиотеката, в която се намира в момента Статус (Текущо местоположение) Дата на вписване в системата Местоположение - отдел Цена в лева Инвентарен номер Систематично азбучна сигнатура Баркод Номер на екземпляра Цена в евро Служебна бележка Служебен тип на артикула
  Не е изгубен Не е повреден без рестрикции ползва се в читалня 349101 Регионална библиотека "Любен Каравелов" Русе Регионална библиотека "Любен Каравелов" Русе Хранилище 2017-08-16 Хранилище 3.99 120000814219 Цб 286861 120000814219 1 2.04 Дост: Dp Вид: Д N: 29 Дата: 21.06.2017 Книги
Vip Innovations Ltd, Rousse, Bulgaria 2025